Münchner Stadtbezirke mit Karte - Statistiken

Allgemein
  • Dieses Quiz wurde 160 mal gespielt
  • Das Durchschnittsergebnis liegt bei 10 aus 25
Antworten auf der Karte
Die Antworten werden auf der Karte rot bzw. grün angezeigt, abhängig davon wie oft sie richtig erraten wurden.
 
Antwortstatistiken
Stadtbezirksteil % Korrekt
Altstadt-Lehel
67%
Pasing-Obermenzing
66%
Maxvorstadt
61%
Neuhausen-Nymphenburg
56%
Laim
52%
Au-Haidhausen
50%
Trudering-Riem
50%
Ramersdorf-Perlach
49%
Sendling
48%
Bogenhausen
46%
Feldmoching-Hasenbergl
45%
Thalkirchen-Obersendling-Forstenried-Fürstenried-Solln
43%
Ludwigsvorstadt-Isarvorstadt
42%
Berg am Laim
41%
Schwabing-Freimann
36%
Untergiesing-Harlaching
35%
Milbertshofen-Am Hart
34%
Allach-Untermenzing
32%
Aubing-Lochhausen-Langwied
32%
Moosach
30%
Schwabing-West
28%
Hadern
27%
Obergiesing-Fasangarten
25%
Schwanthalerhöhe
24%
Sendling-Westpark
16%
Keine übereinstimmenden Quizze gefunden
Verteilung der Resultate
Anzahl Personen mit jedem Resultat
Perzentil nach korrekt beantworteten Fragen
Ihre Resultats-Entwicklung
Sie haben dieses Quiz noch nicht gespielt